000 01199cam a22002055a 4500
001 L149349
008 100223e2010 xxk 000 0 eng d
035 _a(Sirsi) u149349
041 0 _aeng
110 2 _aEuroProperty
_91216
245 0 0 _aSurvey
_bresidential
260 _c2010
490 _aEuroProperty
_v18 January 2010, 21-25(5)
520 _aLow interest rates have lured small-scale investors back into the German residential market and prices are slowly rising. Spain?s housing market will not recover until vendors adjust price downwards as much as 30% to reflect stock surfeit and the ongoing economic slump. UK house prices might slip in 2010 after a strong recovery. Sweden?s residential market where rents are indexed and vacancy rates are low, provides a stable low-risk investment environment although some Swedish banks have posted lending losses in Estonia, Latvia and Lithuania. Finnish residential circles are beginning to attract new international investors.
590 _aKA
651 4 _aEurope
690 _aPROPERTY-RESIDENTIAL PROPERTY-RESIDENTIAL PROPERTY FINANCE AND INVESTMENT
690 _aPROPERTY-RESIDENTIAL PROPERTY-RESIDENTIAL PROPERTY MARKET
942 _n0
999 _c82150
_d82150